|
|
|
|
| LEADER |
00000nab a2200000 a 4500 |
| 001 |
vtls000909153 |
| 003 |
SK-MaSNL |
| 005 |
20260305002503.0 |
| 008 |
040720e19990000xo 0 slo |
| 035 |
|
|
|a KE18083
|
| 040 |
|
|
|a KEVKJB
|b slo
|c KEVKJB
|e AACR2
|
| 041 |
0 |
|
|a slo
|
| 044 |
|
|
|a xo
|c SK
|
| 080 |
|
|
|a 75
|2 1981
|
| 080 |
|
|
|a 7.025.4
|2 1981
|
| 080 |
|
|
|a 929
|2 1981
|
| 100 |
1 |
|
|a Hajduová, Eva
|4 aut
|9 30055
|
| 245 |
1 |
0 |
|a Stretnutie v kaviarni s Lacom Škovranom
|
| 300 |
|
|
|b 2 obr.
|
| 590 |
|
|
|a Škovran, Ladislav 1963-,
|b reštaurátor, maliar
|
| 600 |
1 |
7 |
|a Škovran, Ladislav,
|d 1963-,
|2 KEVKJB
|9 872564
|
| 650 |
0 |
7 |
|a maliarstvo
|2 KEVKJB
|9 812
|
| 650 |
0 |
7 |
|a reštaurátorstvo
|2 KEVKJB
|9 18959
|
| 650 |
0 |
7 |
|a tvorba
|2 KEVKJB
|9 287368
|
| 650 |
0 |
7 |
|a informácie
|2 KEVKJB
|9 1285
|
| 651 |
|
7 |
|a Košice (Slovensko)
|2 KEVKJB
|9 18694
|
| 651 |
|
7 |
|a KE,
|2 KEVKJB
|9 877256
|
| 655 |
|
7 |
|a periodikum
|2 snkbucl
|9 29553
|
| 773 |
0 |
8 |
|t Listy Košické
|g Roč. 1, č.2 (1999), s. 3
|
| 852 |
|
|
|a ZVYKNI
|b KIS3GCP
|
| 999 |
|
|
|c 3225739
|d 3227669
|